00718pam a2200229 i 4500999001700000001000700017005001700024008004100041010001700082020001700099040001800116050001700134100002700151245010200178260003600280300003700316650003500353650001600388650001400404700004100418942002900459 c19186d1918686383220170114155118.0790629s1980 mau 000 0 eng  a 79009465  a0843607793 : aDLCcDLCdDLC00aLC 6519 .C661 aCooper, Susan,d1947- 10aPreparing, designing, & leading workshops :ba humanistic approach /cSusan Cooper, Cathy Heenan. aBoston :bCBI Pub. Co.,cc1980. axii, 112 p. :bdiagrs. ;c24 cm. 0aForums (Discussion and debate) 0aLeadership. 0aMeetings.1 aHeenan, Cathy,d1945-ejoint author. 2lcccBOOKShLC 6519 .C66